| 000 | 00829nam a2200217Ii 4500 | ||
|---|---|---|---|
| 003 | JO-AjNU | ||
| 008 | 230605s9999||||xx |||||||||||||| ||und|| | ||
| 017 | _a1978/7/10000 | ||
| 040 |
_aJO-AjNU _bara _erda _cJO-AjNU |
||
| 041 | _aara | ||
| 050 | 1 | 4 | _aPJ8401.I4 1978 |
| 100 | 3 |
_aتأليف إبن بسام ؛ إختيار وتقديم الداية،محمد رضوان, _eauthor _948796 |
|
| 245 | 0 | 0 | _aمن الذخيرة في محاسن أهل الجزيرة |
| 264 | 3 | 1 | _aدمشق: وزارة الثقافة والإرشاد والقومي، 1978 |
| 300 | _a352ص | ||
| 336 |
_atext _btxt _2rdacontent |
||
| 337 |
_aunmediated _bn _2rdamedia |
||
| 338 |
_avolume _bnc _2rdacarrier |
||
| 490 | 0 | _aالمختار من التراث العربي 7 | |
| 650 | 4 |
_aالأدباء العرب - الأندلس - تراجم _948797 |
|
| 999 |
_aA21393 _c24961 _d24961 |
||